| 000 | 00466nam a2200181Ia 4500 | ||
|---|---|---|---|
| 001 | 17125 | ||
| 005 | 20260306170402.0 | ||
| 008 | 260306t2008||||xx |||||||||||||| ||und|| | ||
| 041 | _aESP | ||
| 082 |
_a657.46 _bA93 2008 |
||
| 100 |
_aAyala Zavala, Pascual _eAUT |
||
| 245 | 0 | _aAplicación práctica de activos y pasivos tributarios diferidos | |
| 260 | _c2008 | ||
| 300 |
_a348 páginas : _ccm. |
||
| 650 | _aGEN | ||
| 654 | _aCCO | ||
| 942 |
_cLIB _dJUS _fJUS _2ddc _n |
||
| 999 |
_c17125 _d17125 |
||